<?xml version="1.0" encoding="UTF-8"?><marc:collection xmlns:marc="http://www.loc.gov/MARC21/slim">
  <marc:record>
    <marc:leader>00000nam##2200000za#4500</marc:leader>
    <marc:controlfield tag="001">9.644783</marc:controlfield>
    <marc:controlfield tag="003">CaOODSP</marc:controlfield>
    <marc:controlfield tag="005">20210927150307</marc:controlfield>
    <marc:controlfield tag="007">ta</marc:controlfield>
    <marc:controlfield tag="008">150407|1993||||xxc|||||     f|0| 0 eng|d</marc:controlfield>
    <marc:datafield tag="020" ind1=" " ind2=" ">
      <marc:subfield code="a">0-662-20725-4</marc:subfield>
    </marc:datafield>
    <marc:datafield tag="040" ind1=" " ind2=" ">
      <marc:subfield code="a">CaOODSP</marc:subfield>
      <marc:subfield code="b">eng</marc:subfield>
    </marc:datafield>
    <marc:datafield tag="043" ind1=" " ind2=" ">
      <marc:subfield code="a">n-cn---</marc:subfield>
    </marc:datafield>
    <marc:datafield tag="086" ind1="1" ind2=" ">
      <marc:subfield code="a">R32-134/1993E</marc:subfield>
    </marc:datafield>
    <marc:datafield tag="110" ind1="1" ind2=" ">
      <marc:subfield code="a">Canada. </marc:subfield>
      <marc:subfield code="b">Indian and Northern Affairs Canada.</marc:subfield>
    </marc:datafield>
    <marc:datafield tag="245" ind1="1" ind2="4">
      <marc:subfield code="a">The agreement between the Inuit of the Nunavut Settlement Area and Her Majesty the Queen in right of Canada </marc:subfield>
    </marc:datafield>
    <marc:datafield tag="260" ind1=" " ind2=" ">
      <marc:subfield code="a">Ottawa - Ontario : </marc:subfield>
      <marc:subfield code="b">Indian and Northern Affairs </marc:subfield>
      <marc:subfield code="c">1993.</marc:subfield>
    </marc:datafield>
    <marc:datafield tag="300" ind1=" " ind2=" ">
      <marc:subfield code="a">xi, 282p. : </marc:subfield>
      <marc:subfield code="b">tables ; </marc:subfield>
      <marc:subfield code="c">28 cm.</marc:subfield>
    </marc:datafield>
    <marc:datafield tag="500" ind1=" " ind2=" ">
      <marc:subfield code="a">Contents: Definitions.--General provisions.--Nunavut Settlement Area.--Nunavut political development.--Wildlife.--Wildlife compensation.--Outpost camps.--Parks.--Conservation areas.--Land and resource management institutions.--Land use planning.--Development impact.--Water management.--Municipal lands.--Marine areas.--Outer land fast ice zone: east Baffin coast.--Purposes of Inuit owned lands.--Principles to guide the identification of Inuit owned lands.--Title to Inuit owned lands.--Inuit water rights.--Entry and access.--Real property taxation.--Inuit employment within government.--Government contracts.--Resource royalty sharing.--Inuit impact and benefit agreements.--Natural resource development.--Northern energy and minerals accords.--Capital transfer.--General taxation.--The Nunavut Trust.--Nunavut Social Development Council.--Archaeology.--Ethnographic objects and archival materials.--Enrolment.--Ratification.--Implementation.--Arbitration.--Inuit organizations.--Other Aboriginal peoples.--Contwoyto Lake lands.--Manitoba and marine area east of Manitoba.--Signature page.</marc:subfield>
    </marc:datafield>
    <marc:datafield tag="563" ind1=" " ind2=" ">
      <marc:subfield code="a">Softcover</marc:subfield>
    </marc:datafield>
    <marc:datafield tag="690" ind1="0" ind2="7">
      <marc:subfield code="a">Inuit</marc:subfield>
      <marc:subfield code="2">gcpds</marc:subfield>
    </marc:datafield>
    <marc:datafield tag="690" ind1="0" ind2="7">
      <marc:subfield code="a">Land claims</marc:subfield>
      <marc:subfield code="2">gcpds</marc:subfield>
    </marc:datafield>
    <marc:datafield tag="775" ind1="0" ind2="8">
      <marc:subfield code="t">L'accord entre les Inuit de la région du Nunavut et Sa Majesté la Reine du chef du Canada </marc:subfield>
      <marc:subfield code="w">(CaOODSP)9.678581</marc:subfield>
    </marc:datafield>
    <marc:datafield tag="776" ind1="0" ind2="#">
      <marc:subfield code="t">Agreement between the Inuit of the Nunavut Settlement Area and Her Majesty the Queen in right of Canada </marc:subfield>
      <marc:subfield code="w">(CaOODSP)9.696303</marc:subfield>
    </marc:datafield>
    <marc:datafield tag="986" ind1=" " ind2=" ">
      <marc:subfield code="a">QS-8484-000-EE-A1</marc:subfield>
    </marc:datafield>
  </marc:record>
</marc:collection>
